| 000 | 00779nam a2200253 4500 | ||
|---|---|---|---|
| 003 | OSt | ||
| 005 | 20260530113906.0 | ||
| 008 | 260506b210 nyua|||| |||| 00| 0 eng d | ||
| 020 | _a97800613532222 | ||
| 040 |
_aICI _cICI |
||
| 041 | _aeng | ||
| 050 |
_aC1002.S54 _bD35 |
||
| 100 | 1 |
_aCossu, Matteo, _dautor _932831 |
|
| 245 | 1 | 0 |
_aWalk this way : _bsign graphics now _cClaire Dalquie ; editor & texts, Matteo Cossu |
| 264 | 1 |
_aa New York, New York : _bHarpercollins, _c2010 |
|
| 300 |
_a255 páginas _bilustraciones |
||
| 336 |
_atexto _2rdacontent |
||
| 337 |
_asin medio _2rdamedia |
||
| 338 |
_avolumen _2rdacarrier |
||
| 650 |
_aLetreros _932832 |
||
| 650 |
_aArtes gráficas _xHistoria _ySiglo XXI _932833 |
||
| 700 |
_aCossu, Matteo _eeditor _932834 |
||
| 942 |
_2lcc _cBK _n1 |
||
| 999 |
_c11961 _d11961 |
||